| 000 | 00623nam a2200193Ia 4500 | ||
|---|---|---|---|
| 005 | 20250930091926.0 | ||
| 008 | 210716s1991 xx 000 0 und d | ||
| 040 | _cAIMIT LIBRARY | ||
| 041 | _aeng | ||
| 082 |
_a005.756 _bPAGA |
||
| 100 |
_aPage, A J. _9240905 |
||
| 245 |
_aRelational databases: _bconcepts selection and implementation/ _cBy A.J. Page |
||
| 250 | _a1 | ||
| 260 |
_aNew Delhi _bGalgotia Publications Pvt Ltd _c1991 |
||
| 300 |
_a230p.; _bPB _c25 cm. |
||
| 650 |
_aRelational Database architecture _9240906 |
||
| 650 |
_aRelational database management systems _9240907 |
||
| 942 |
_2ddc _cBK _k005.756 PAGA |
||
| 999 |
_c182079 _d182079 |
||